The history of music production (Record no. 16142)
[ view plain ]
| 000 -LEADER | |
|---|---|
| fixed length control field | 00583nam a22001697a 4500 |
| 008 - FIXED-LENGTH DATA ELEMENTS--GENERAL INFORMATION | |
| fixed length control field | 161005b xxu||||| |||| 00| 0 eng d |
| 020 ## - INTERNATIONAL STANDARD BOOK NUMBER | |
| International Standard Book Number | 0199357178 |
| 040 ## - CATALOGING SOURCE | |
| Original cataloging agency | KABU |
| Transcribing agency | KABU |
| 050 ## - LIBRARY OF CONGRESS CALL NUMBER | |
| Classification number | ML3790 |
| Item number | .B87 2014 C.1 |
| 100 ## - MAIN ENTRY--PERSONAL NAME | |
| Personal name | Burgess, Richard James |
| 245 ## - TITLE STATEMENT | |
| Title | The history of music production |
| 300 ## - PHYSICAL DESCRIPTION | |
| Extent | xiv, 245 p. |
| 650 ## - SUBJECT ADDED ENTRY--TOPICAL TERM | |
| Source of heading or term | Sound recordings industry |
| General subdivision | History |
| 650 ## - SUBJECT ADDED ENTRY--TOPICAL TERM | |
| Source of heading or term | Sound recordings industry |
| Form subdivision | History |
| General subdivision | Production and direction |
| -- | History |
| 650 ## - SUBJECT ADDED ENTRY--TOPICAL TERM | |
| Source of heading or term | Sound |
| General subdivision | Recording and reproducing |
| -- | History |
| 942 ## - ADDED ENTRY ELEMENTS (KOHA) | |
| Source of classification or shelving scheme | Library of Congress Classification |
| Koha item type | General Collection |
| Classification part | ML3790 .B87 2014 C.1 |
| Withdrawn status | Lost status | Source of classification or shelving scheme | Not for loan | Home library | Current library | Shelving location | Date acquired | Cost, normal purchase price | Total Checkouts | Full call number | Barcode | Date last seen | Date last checked out | Copy number | Price effective from | Koha item type |
|---|---|---|---|---|---|---|---|---|---|---|---|---|---|---|---|---|
| Library of Congress Classification | Kabarak, Main Campus | Kabarak, Main Campus | General Stacks | 05/10/2016 | 2347.02 | 1 | ML3790 .B87 2014 C.1 | 026827 | 12/10/2017 | 07/09/2017 | C.1 | 05/10/2016 | General Collection |